[Event "21st European Teams Women"]
[Site "Hersonissos GRE"]
[Date "2017.10.30"]
[Round "3.10"]
[Board "3"]
[White "Sedina, Elena"]
[Black "Bejatovic, Bojana"]
[Result "1-0"]
[WhiteTitle "IM"]
[WhiteElo "2288"]
[BlackElo "2035"]
[WhiteTeam "Italy"]
[BlackTeam "FYROM"]
[WhiteFideId "812153"]
[BlackFideId "15000141"]
[EventDate "2017.10.28"]

1. e4 e5 2. Nf3 Nf6 3. d4 exd4 4. e5 Ne4 5. Qxd4 d5 6. exd6 Nxd6 7. Bg5 Qd7 8.
Nc3 Nc6 9. Qe3+ Qe6 10. Nd5 Qxe3+ 11. Bxe3 Kd8 12. O-O-O Bg4 13. Be2 Kc8 14. h3
Be6 15. Bf4 h6 16. Rhe1 g5 17. Bh2 f5 18. Ne5 Nxe5 19. Bxe5 Rh7 20. Bxd6 Bxd6
21. Bd3 Bd7 22. Bxf5 Rh8 23. Ne7+ Kd8 24. Bxd7 Kxd7 25. Nf5 Raf8 26. Nxd6 cxd6
27. f3 Rf5 28. Re4 Rc8 29. c3 Rcf8 30. Kc2 Rf4 31. Rde1 Rxe4 32. Rxe4 d5 33. Ra4
a6 34. h4 Ke6 35. Kd3 Ke5 36. Rg4 Rf4 37. Rxf4 gxf4 38. h5 a5 39. b3 b6 40. c4
a4 41. bxa4 dxc4+ 42. Kxc4 Kd6 43. Kd4 1-0

[Event "21st European Teams Women"]
[Site "Hersonissos GRE"]
[Date "2017.10.30"]
[Round "3.10"]
[Board "4"]
[White "Koskoska, Gabriela"]
[Black "Di Benedetto, Desiree"]
[Result "1/2-1/2"]
[WhiteTitle "WIM"]
[BlackTitle "FM"]
[WhiteElo "2018"]
[BlackElo "2190"]
[WhiteTeam "FYROM"]
[BlackTeam "Italy"]
[WhiteFideId "15000630"]
[BlackFideId "875813"]
[EventDate "2017.10.28"]

1. e4 e6 2. d4 d5 3. Bd3 dxe4 4. Bxe4 Nf6 5. Bd3 c5 6. Nf3 Nc6 7. dxc5 Bxc5 8.
O-O O-O 9. c3 e5 10. Qc2 h6 11. Nbd2 Bb6 12. Nc4 Bc7 13. Be3 Re8 14. Bf5 e4 15.
Rfd1 Qe7 16. Nh4 Ng4 17. g3 Nxh2 18. Bxc8 Rexc8 19. Nf5 Nf3+ 20. Kg2 Qe6 21.
Ncd6 Rd8 22. Qxe4 Qxe4 23. Nxe4 Nfe5 24. Bf4 Bb6 25. Be3 Bxe3 26. Nxe3 Rxd1 27.
Rxd1 Rd8 28. Rxd8+ Nxd8 29. Nd2 Nd3 30. b3 Nc1 31. a3 1/2-1/2

[Event "21st European Teams Women"]
[Site "Hersonissos GRE"]
[Date "2017.10.30"]
[Round "3.11"]
[Board "1"]
[White "Bulmaga, Irina"]
[Black "Botsari, Anna-Maria"]
[Result "1-0"]
[WhiteTitle "IM"]
[BlackTitle "WGM"]
[WhiteElo "2423"]
[BlackElo "2287"]
[WhiteTeam "Romania"]
[BlackTeam "Greece 1"]
[WhiteFideId "13903063"]
[BlackFideId "4200446"]
[EventDate "2017.10.28"]

1. e4 c5 2. Nf3 e6 3. d4 cxd4 4. Nxd4 Nc6 5. Nc3 Qc7 6. Be3 a6 7. Qd2 Nf6 8.
O-O-O Be7 9. f3 O-O 10. g4 b5 11. h4 Bb7 12. Nxc6 Bxc6 13. Bd3 d5 14. g5 b4 15.
gxf6 bxc3 16. Qxc3 Bxf6 17. Bd4 Bxd4 18. Qxd4 dxe4 19. fxe4 Bb5 20. Rhg1 e5 21.
Qf2 f6 22. Qf5 Rac8 23. c3 Rcd8 24. Bxb5 Rxd1+ 25. Rxd1 axb5 26. h5 Qb6 27. Kc2
Rd8 28. Rxd8+ Qxd8 29. Qe6+ Kf8 30. Qc6 Qe8 31. Qc5+ Kg8 32. Qd5+ Kf8 33. b4 g5
34. h6 Qg6 35. c4 Qxh6 36. cxb5 Qh2+ 37. Kb3 Qe2 38. Qd6+ Kg7 39. b6 Qe3+ 40.
Ka4 Qe2 41. b7 1-0

[Event "21st European Teams Women"]
[Site "Hersonissos GRE"]
[Date "2017.10.30"]
[Round "3.11"]
[Board "2"]
[White "Tsolakidou, Stavroula"]
[Black "Cosma, Elena-Luminita"]
[Result "1-0"]
[WhiteTitle "WGM"]
[BlackTitle "WGM"]
[WhiteElo "2340"]
[BlackElo "2333"]
[WhiteTeam "Greece 1"]
[BlackTeam "Romania"]
[WhiteFideId "4264312"]
[BlackFideId "1201590"]
[EventDate "2017.10.28"]

1. d4 d5 2. c4 e6 3. Nf3 Nf6 4. g3 Bb4+ 5. Bd2 Be7 6. Bg2 c6 7. Qc2 O-O 8. O-O
Nbd7 9. b4 Ne4 10. Be1 a5 11. bxa5 c5 12. cxd5 exd5 13. Nc3 Ndf6 14. dxc5 Nxc5
15. Rd1 Na6 16. Qb1 h6 17. e4 Nc7 18. Nxd5 Nfxd5 19. exd5 Ra6 20. Ne5 Bc5 21.
Bc3 Ne8 22. Qb2 Rxa5 23. Bxa5 Qxa5 24. Rc1 Nd6 25. Nd3 Ba3 26. Qc3 Qa7 27. Rb1
Bd7 28. Rfe1 Rc8 29. Qb3 Bb5 30. Ne5 Bc5 31. Qf3 f6 32. Ng6 Kh7 33. Ne7 Re8 34.
Rxb5 Rxe7 35. Rxe7 Nxb5 36. Qf5+ Kg8 37. Qc8+ Kh7 38. Be4+ 1-0

[Event "21st European Teams Women"]
[Site "Hersonissos GRE"]
[Date "2017.10.30"]
[Round "3.11"]
[Board "3"]
[White "L'Ami, Alina"]
[Black "Avramidou, Anastasia"]
[Result "0-1"]
[WhiteTitle "IM"]
[BlackTitle "FM"]
[WhiteElo "2286"]
[BlackElo "2257"]
[WhiteTeam "Romania"]
[BlackTeam "Greece 1"]
[WhiteFideId "1210246"]
[BlackFideId "4239873"]
[EventDate "2017.10.28"]

1. d4 Nf6 2. c4 Nc6 3. d5 Ne5 4. Nc3 e6 5. Qd4 Ng6 6. Nf3 Bb4 7. h4 h5 8. Bg5
Qe7 9. e3 e5 10. Qd1 Bxc3+ 11. bxc3 d6 12. Nd2 Nf8 13. Be2 N8h7 14. Bxh5 Nxg5
15. hxg5 Nxh5 16. Rxh5 Rf8 17. Qa4+ Bd7 18. Qb3 b6 19. Nf3 Bg4 20. Qb5+ Bd7 21.
Qa6 Bc8 22. Qa4+ Bd7 23. Qc2 Bg4 24. Rh4 Bxf3 25. gxf3 Qxg5 26. Rg4 Qf6 27. Qa4+
Kd8 28. Ke2 Rh8 29. Rag1 g6 30. Qa6 Qf5 31. e4 Qc8 32. Qb5 Qd7 33. f4 Qxb5 34.
cxb5 a6 35. fxe5 dxe5 36. a4 axb5 37. axb5 Ra2+ 38. Ke3 Rc2 39. Rg5 Rh3+ 40. f3
Rxc3+ 41. Kd2 Rcxf3 42. Rxe5 Rh2+ 43. Kc1 Rff2 44. d6 cxd6 45. Rd5 Rc2+ 46. Kb1
Rcd2 47. Rf1 Rxd5 48. exd5 Rd2 49. Rxf7 Rxd5 50. Kc2 g5 51. Kc3 Rxb5 52. Rg7
Rc5+ 53. Kd4 Kc8 54. Ra7 b5 55. Kd3 Rc7 56. Ra5 Rc5 57. Ra7 b4 58. Ra4 Rb5 59.
Kc4 Rb8 60. Kb3 Kd7 61. Ra5 Rg8 62. Kxb4 g4 63. Kc4 g3 64. Ra1 Ke6 65. Kd3 Kf5
66. Ke2 Kg4 67. Kf1 Rf8+ 68. Kg1 Kh3 69. Ra7 Rf5 70. Rd7 d5 71. Rd8 Kg4 72. Kg2
Rf2+ 73. Kg1 Rd2 74. Kf1 g2+ 75. Kg1 d4 76. Rg8+ Kf3 77. Rf8+ Ke3 78. Re8+ Kd3
79. Ra8 Re2 80. Rd8 Kc3 81. Rc8+ Kd2 82. Rd8 d3 83. Rd7 Kc2 84. Rc7+ Kd1 0-1

[Event "21st European Teams Women"]
[Site "Hersonissos GRE"]
[Date "2017.10.30"]
[Round "3.11"]
[Board "4"]
[White "Markantonaki, Haritomeni"]
[Black "Sandu, Mihaela"]
[Result "1/2-1/2"]
[WhiteTitle "WFM"]
[BlackTitle "WGM"]
[WhiteElo "2192"]
[BlackElo "2278"]
[WhiteTeam "Greece 1"]
[BlackTeam "Romania"]
[WhiteFideId "4207050"]
[BlackFideId "1204327"]
[EventDate "2017.10.28"]

1. e4 c5 2. Nf3 e6 3. d4 cxd4 4. Nxd4 a6 5. Nc3 b5 6. Bd3 Qb6 7. Nb3 Qc7 8. O-O
Bb7 9. f4 b4 10. Nb1 Nf6 11. e5 Nd5 12. c4 bxc3 13. Nxc3 Bc5+ 14. Nxc5 Qxc5+ 15.
Kh1 Nxc3 16. bxc3 O-O 17. Rb1 Bc6 18. Qe2 g6 19. c4 a5 20. Be3 Qe7 21. Qg4 Na6
22. Bf2 f5 23. exf6 Qxf6 24. Be3 Nb4 25. Qe2 Nxd3 26. Qxd3 Qf5 27. Qd2 Rab8 28.
Rbe1 Rb4 29. Rc1 Rfb8 30. Bd4 Rb1 31. Be5 Rxc1 32. Qxc1 Qe4 33. Rg1 Rb7 34. h3
d6 35. Ba1 e5 36. fxe5 dxe5 37. Qg5 Rb1 38. Bxe5 Rxg1+ 39. Kxg1 h6 40. Qd8+ Kf7
41. Qf6+ Ke8 42. Qe6+ Kd8 43. Qd6+ Ke8 44. Qe6+ Kd8 45. Qg8+ Kd7 46. Qf7+ Kd8
47. Qf8+ Kd7 48. Qd6+ Ke8 49. Qe6+ 1/2-1/2

[Event "21st European Teams Women"]
[Site "Hersonissos GRE"]
[Date "2017.10.30"]
[Round "3.12"]
[Board "1"]
[White "Sahl, Sheila Barth"]
[Black "Golubenko, Valentina"]
[Result "1-0"]
[WhiteTitle "WIM"]
[BlackTitle "WGM"]
[WhiteElo "2180"]
[BlackElo "2291"]
[WhiteTeam "Norway"]
[BlackTeam "Croatia"]
[WhiteFideId "1500953"]
[BlackFideId "4501993"]
[EventDate "2017.10.28"]

1. e4 e6 2. d4 d5 3. Nc3 Bb4 4. e5 b6 5. a3 Bf8 6. Nf3 c5 7. Ne2 Nc6 8. c3 c4 9.
g3 Nge7 10. h4 Na5 11. Bg5 h6 12. Bxe7 Bxe7 13. Nd2 Bd7 14. Nf4 g5 15. Ng2 gxh4
16. Nxh4 Bxh4 17. Rxh4 Qe7 18. Qf3 O-O-O 19. Qf4 Qf8 20. Qf6 Ba4 21. Rc1 Nc6 22.
Rf4 Rh7 23. Bh3 Qe8 24. Bg4 h5 25. Be2 Qh8 26. Qxh8 Rdxh8 27. Nf3 Rg8 28. Kd2 a5
29. Rh1 b5 30. Ne1 b4 31. axb4 axb4 32. Rxh5 bxc3+ 33. bxc3 Rhg7 34. Rfh4 Kd7
35. Rh7 Ke7 36. Rxg7 Rxg7 37. Rh8 f6 38. Ra8 Bb3 39. Ra6 Kd7 40. exf6 Rf7 41. f4
Rxf6 42. Nf3 Rh6 43. g4 Rf6 44. f5 Rf8 45. fxe6+ Kc7 46. Ne5 Nb8 47. Ra7+ Kd6
48. e7 Re8 49. Bf3 Ke6 50. g5 Rxe7 51. Bxd5+ Kd6 52. Nf7+ Kxd5 53. Rxe7 Nc6 54.
Re1 Ba4 55. g6 1-0

[Event "21st European Teams Women"]
[Site "Hersonissos GRE"]
[Date "2017.10.30"]
[Round "3.12"]
[Board "2"]
[White "Franciskovic, Borka"]
[Black "Machlik, Monika"]
[Result "1/2-1/2"]
[WhiteTitle "WIM"]
[WhiteElo "2242"]
[BlackElo "2037"]
[WhiteTeam "Croatia"]
[BlackTeam "Norway"]
[WhiteFideId "14507943"]
[BlackFideId "1513621"]
[EventDate "2017.10.28"]

1. c4 e5 2. Nc3 Nf6 3. Nf3 Nc6 4. e4 Bc5 5. Nxe5 Nxe5 6. d4 Bxd4 7. Qxd4 Nc6 8.
Qd1 h6 9. Be3 d6 10. Be2 Be6 11. f3 Qe7 12. Qd2 a6 13. Nd5 Bxd5 14. exd5 Ne5 15.
O-O O-O 16. Bd4 Rae8 17. Rfe1 Qd8 18. Bc3 Qc8 19. Qc2 c6 20. f4 Ned7 21. Bf3
cxd5 22. cxd5 Nxd5 23. Bxd5 Qc5+ 24. Kh1 Qxd5 25. Red1 Qc6 26. Qd3 Nc5 27. Qxd6
Qxd6 28. Rxd6 Rd8 29. Rad1 Rxd6 30. Rxd6 Ne4 31. Rb6 Nxc3 32. bxc3 Rc8 33. Rxb7
Rxc3 34. h3 Rc2 35. Rb8+ Kh7 36. Rb7 Kg8 37. Rb8+ Kh7 38. Rb7 Kg8 39. Rb8+ Kh7 1/2-1/2

[Event "21st European Teams Women"]
[Site "Hersonissos GRE"]
[Date "2017.10.30"]
[Round "3.12"]
[Board "3"]
[White "Machlik, Edit"]
[Black "Purgar, Ivona"]
[Result "1-0"]
[BlackTitle "WFM"]
[WhiteElo "2030"]
[BlackElo "2200"]
[WhiteTeam "Norway"]
[BlackTeam "Croatia"]
[WhiteFideId "1513591"]
[BlackFideId "14514451"]
[EventDate "2017.10.28"]

1. d4 d5 2. c4 c6 3. Nc3 Nf6 4. e3 e6 5. Nf3 Nbd7 6. Qc2 Bd6 7. b3 O-O 8. Be2 b6
9. O-O Bb7 10. Bb2 Qe7 11. Rfe1 Rfe8 12. Rad1 Rad8 13. Bf1 e5 14. cxd5 e4 15.
Ne5 Nxe5 16. dxe5 Bxe5 17. dxc6 Bxc6 18. g3 Rc8 19. Rc1 h5 20. Qb1 h4 21. Nb5
hxg3 22. hxg3 Ng4 23. Bxe5 Qxe5 24. Nd4 Qh5 25. Bg2 Bb7 26. b4 Bd5 27. Nb5 Qh6
28. Nc7 Rxc7 29. Rxc7 b5 30. Rc5 Bc4 31. Rxc4 bxc4 32. Qc2 Qf6 33. Rf1 Qh6 34.
Rd1 Qf6 35. Rd4 c3 36. Bxe4 Ne5 37. Qxc3 Qe6 38. Qd2 Nc4 39. Qd3 Ne5 40. Qd2 Nc4
41. Qd1 Ne5 42. Rd8 g6 43. Rxe8+ Qxe8 44. Qd5 Qe7 45. b5 Qc7 46. Kg2 Kg7 47. Qd4
Kh7 48. a4 f5 49. Bc6 a6 50. Qd5 Kh6 51. Qg8 Nf7 52. Qe8 axb5 53. axb5 Kg7 54.
Qd7 Qxd7 55. Bxd7 Ne5 56. Bc6 Kf6 57. Bd5 Nd7 58. Kf3 g5 59. e4 Ke5 60. Bc6
fxe4+ 61. Bxe4 Nc5 62. b6 g4+ 63. Ke3 Nd7 64. b7 Nb8 65. Bd3 Nc6 66. Be2 Kf5 67.
Bb5 Nb8 68. Kd4 1-0

[Event "21st European Teams Women"]
[Site "Hersonissos GRE"]
[Date "2017.10.30"]
[Round "3.12"]
[Board "4"]
[White "Cvitan, Ena"]
[Black "Rodsmoen, Maud"]
[Result "1-0"]
[WhiteTitle "FM"]
[BlackTitle "WFM"]
[WhiteElo "2165"]
[BlackElo "1972"]
[WhiteTeam "Croatia"]
[BlackTeam "Norway"]
[WhiteFideId "14534215"]
[BlackFideId "1510550"]
[EventDate "2017.10.28"]

1. d4 Nf6 2. c4 e6 3. Nc3 Bb4 4. e3 O-O 5. Bd3 d5 6. a3 Bxc3+ 7. bxc3 dxc4 8.
Bxc4 c5 9. Ne2 Qc7 10. Bd3 e5 11. dxe5 Qxe5 12. O-O Nc6 13. Qc2 Be6 14. f4 Qc7
15. c4 h6 16. h3 Rfe8 17. Bb2 Qe7 18. e4 Bc8 19. Ng3 Rd8 20. e5 Ne8 21. Rae1 Nd4
22. Qf2 Nb3 23. Qe3 Nd4 24. f5 Qg5 25. Rf4 Nc6 26. Be4 Na5 27. h4 Qe7 28. Bd5
Nc7 29. Rg4 Nxd5 30. cxd5 f6 31. Nh5 Bxf5 32. Rxg7+ Qxg7 33. Nxg7 Kxg7 34. exf6+
Kg6 35. Qg3+ Kh5 36. Re5 1-0

[Event "21st European Teams Women"]
[Site "Hersonissos GRE"]
[Date "2017.10.30"]
[Round "3.13"]
[Board "1"]
[White "Cornette, Deimante"]
[Black "Makka, Ioulia"]
[Result "1-0"]
[WhiteTitle "IM"]
[BlackTitle "WIM"]
[WhiteElo "2404"]
[BlackElo "2182"]
[WhiteTeam "Lithuania"]
[BlackTeam "Greece 2"]
[WhiteFideId "12802859"]
[BlackFideId "4205316"]
[EventDate "2017.10.28"]

1. e4 c6 2. d4 d5 3. e5 Bf5 4. Nf3 e6 5. Be2 Nd7 6. O-O h6 7. a4 Ne7 8. a5 a6 9.
b4 Qc7 10. Nc3 g5 11. Ne1 Rg8 12. Na4 Nc8 13. Nc5 Na7 14. c3 Nb5 15. Bd2 O-O-O
16. Nc2 Be7 17. Ne3 Bg6 18. Bg4 Nf8 19. Nc2 Kb8 20. Na3 Ka7 21. Nxb5+ cxb5 22.
f4 gxf4 23. Bxf4 Rh8 24. Bh5 Qc6 25. Be3 Qe8 26. Bg4 h5 27. Bh3 Qc6 28. Qd2 Nh7
29. Rf3 Rdg8 30. Raf1 Qe8 31. Kh1 Nf8 32. Bh6 Rh7 33. Bg5 Bxc5 34. dxc5 Be4 35.
R3f2 Nd7 36. c6 bxc6 37. Be3+ Kb7 38. Qd4 c5 39. bxc5 Kc6 40. Rb2 Rhg7 41. Rf4
Bg6 42. c4 bxc4 43. Qd1 Qa8 44. Rxc4 Rb8 45. Rcb4 Rxb4 46. Rxb4 Rg8 47. Qa4+ Kc7
48. Rb6 Rb8 49. Qb4 Kc8 50. c6 Nxb6 51. Qf8+ Kc7 52. Qd6+ Kc8 53. Bxb6 1-0

[Event "21st European Teams Women"]
[Site "Hersonissos GRE"]
[Date "2017.10.30"]
[Round "3.13"]
[Board "2"]
[White "Makka, Evanthia"]
[Black "Zaksaite, Salomeja"]
[Result "0-1"]
[BlackTitle "WIM"]
[WhiteElo "2095"]
[BlackElo "2272"]
[WhiteTeam "Greece 2"]
[BlackTeam "Lithuania"]
[WhiteFideId "4207513"]
[BlackFideId "12801496"]
[EventDate "2017.10.28"]

1. Nf3 Nf6 2. g3 g6 3. Bg2 d5 4. O-O Bg7 5. d4 O-O 6. c3 b6 7. c4 c6 8. Ne5 Bb7
9. Nc3 e6 10. b4 Nbd7 11. Nxd7 Qxd7 12. cxd5 cxd5 13. Qd3 Rfc8 14. Bd2 Rc4 15.
Rfb1 Ne4 16. e3 Nxd2 17. Qxd2 Rac8 18. Nd1 e5 19. Bf1 exd4 20. Rc1 dxe3 21. Nxe3
Bc3 22. Qd1 Rxb4 23. Rab1 Rxb1 24. Rxb1 Bg7 25. Qd3 d4 26. Bg2 Rc3 27. Qd2 Bxg2
28. Nxg2 d3 29. Nf4 Rc2 30. Qxd3 Qxd3 31. Nxd3 Rxa2 32. Kg2 Rd2 0-1

[Event "21st European Teams Women"]
[Site "Hersonissos GRE"]
[Date "2017.10.30"]
[Round "3.13"]
[Board "3"]
[White "Kiseleva, Simona"]
[Black "Serefidou, Despina"]
[Result "1-0"]
[WhiteTitle "WIM"]
[WhiteElo "2241"]
[BlackElo "1965"]
[WhiteTeam "Lithuania"]
[BlackTeam "Greece 2"]
[WhiteFideId "12802506"]
[BlackFideId "4218787"]
[EventDate "2017.10.28"]

1. d4 Nf6 2. Nf3 e6 3. e3 d5 4. Bd3 b6 5. Qe2 Bb7 6. O-O Be7 7. Nbd2 Ne4 8. Ne5
O-O 9. f3 Nxd2 10. Bxd2 c5 11. c3 Nd7 12. Ng4 Nf6 13. Nf2 cxd4 14. exd4 Qc7 15.
Rae1 Bd6 16. g3 a5 17. f4 Qc8 18. g4 Ba6 19. g5 Bxd3 20. Qxd3 Nh5 21. Qf3 g6 22.
Nd3 Ra7 23. Qe2 Re7 24. Rf3 f6 25. Ref1 Ref7 26. Qg2 fxg5 27. fxg5 Rxf3 28. Rxf3
Rxf3 29. Qxf3 Qc7 30. h3 Qf7 31. Kg2 Qf5 32. Qxf5 gxf5 33. a4 Ng3 34. Bf4 Ne4
35. Bxd6 Nxd6 36. Ne5 Nc8 37. h4 Nd6 38. Kf3 b5 39. b3 bxa4 40. bxa4 Nc4 41.
Nxc4 dxc4 42. h5 Kf7 43. Kf4 h6 44. g6+ Kf6 45. Kf3 Ke7 46. Ke3 Kf6 47. Kf4 1-0

[Event "21st European Teams Women"]
[Site "Hersonissos GRE"]
[Date "2017.10.30"]
[Round "3.13"]
[Board "4"]
[White "Skaraki, Antigoni"]
[Black "Gailiunaite, Saule"]
[Result "1-0"]
[WhiteElo "1992"]
[BlackElo "1838"]
[WhiteTeam "Greece 2"]
[BlackTeam "Lithuania"]
[WhiteFideId "4222970"]
[BlackFideId "12807737"]
[EventDate "2017.10.28"]

1. e4 d5 2. exd5 Qxd5 3. Nc3 Qa5 4. Bc4 Nf6 5. d4 Bf5 6. Nf3 c6 7. Bd2 e6 8. Nd5
Qd8 9. Nxf6+ gxf6 10. Be3 Nd7 11. Nh4 Bg6 12. Qe2 Qc7 13. h3 Bd6 14. O-O O-O-O
15. b4 Nb6 16. a4 Bxb4 17. Rfb1 Bc3 18. Ra3 Bxd4 19. Nxg6 hxg6 20. Bd3 Qe5 21.
Rab3 Bxe3 22. fxe3 Rh4 23. e4 Rdh8 24. Qf2 Rf4 25. Qe3 Rfh4 26. Qf2 g5 27. Rxb6
axb6 28. Qxb6 Qc7 29. Qa7 b6 30. Ba6+ Kd7 31. Rd1+ 1-0

[Event "21st European Teams Women"]
[Site "Hersonissos GRE"]
[Date "2017.10.30"]
[Round "3.14"]
[Board "1"]
[White "Georgescu, Lena"]
[Black "Milovic, Aleksandra"]
[Result "1/2-1/2"]
[WhiteTitle "WFM"]
[BlackTitle "WIM"]
[WhiteElo "2130"]
[BlackElo "2191"]
[WhiteTeam "Switzerland"]
[BlackTeam "Montenegro"]
[WhiteFideId "1331973"]
[BlackFideId "933988"]
[EventDate "2017.10.28"]

1. e4 d5 2. exd5 Qxd5 3. Nc3 Qd8 4. d4 Nf6 5. Nf3 Bg4 6. h3 Bxf3 7. Qxf3 c6 8.
Be3 e6 9. O-O-O Bb4 10. Ne4 Nxe4 11. Qxe4 Qd5 12. Qxd5 cxd5 13. c4 O-O 14. c5
Ba5 15. a3 Rc8 16. Kb1 a6 17. g4 Nd7 18. Rc1 Bd8 19. Be2 b5 20. g5 Nb8 21. h4
Nc6 22. h5 f5 23. Rhd1 Rcb8 24. Bf4 Rb7 25. Rc3 Bc7 26. Bc1 Re8 27. Bf3 Kf8 28.
Re3 Rbb8 29. Re2 b4 30. Re3 bxa3 31. Rxa3 a5 32. Re3 Rb4 33. Rde1 1/2-1/2

[Event "21st European Teams Women"]
[Site "Hersonissos GRE"]
[Date "2017.10.30"]
[Round "3.14"]
[Board "2"]
[White "Stojanovic, Marija R"]
[Black "De Seroux, Camille"]
[Result "1-0"]
[WhiteTitle "WIM"]
[BlackTitle "WFM"]
[WhiteElo "2102"]
[BlackElo "2163"]
[WhiteTeam "Montenegro"]
[BlackTeam "Switzerland"]
[WhiteFideId "931411"]
[BlackFideId "1305620"]
[EventDate "2017.10.28"]

1. e4 c5 2. Nf3 Nc6 3. d4 cxd4 4. Nxd4 Nf6 5. Nc3 d6 6. Bg5 e6 7. Qd2 Qb6 8. Nb3
a6 9. O-O-O Be7 10. f4 O-O 11. Be2 Rd8 12. Bf3 Qc7 13. h4 b5 14. g4 Bb7 15. h5
h6 16. Bh4 b4 17. Ne2 Rac8 18. g5 hxg5 19. fxg5 Nd7 20. g6 fxg6 21. hxg6 Nde5
22. Ng1 Bxh4 23. Rxh4 Nxg6 24. Rh1 Nce5 25. Nd4 Nxf3 26. Ngxf3 Bxe4 27. Qh2 e5
28. Qh7+ Kf7 29. Ng5+ Ke7 30. Qxg7+ Ke8 31. Qg8+ Nf8 32. Nxe4 exd4 33. Nf6+ Ke7
34. Nd5+ 1-0

[Event "21st European Teams Women"]
[Site "Hersonissos GRE"]
[Date "2017.10.30"]
[Round "3.14"]
[Board "3"]
[White "Stoeri, Laura"]
[Black "Koljevic, Nikolina"]
[Result "1-0"]
[WhiteTitle "WFM"]
[WhiteElo "2150"]
[BlackElo "1837"]
[WhiteTeam "Switzerland"]
[BlackTeam "Montenegro"]
[WhiteFideId "1304313"]
[BlackFideId "16503945"]
[EventDate "2017.10.28"]

1. e4 c5 2. Nf3 e6 3. d4 cxd4 4. Nxd4 Nf6 5. Bd3 Nc6 6. Nxc6 bxc6 7. O-O d5 8.
Nd2 Be7 9. Qe2 O-O 10. b3 Nd7 11. Bb2 Nc5 12. Rfd1 Nxd3 13. Qxd3 a5 14. Qc3 Bf6
15. e5 Be7 16. Ne4 f5 17. Nc5 Qe8 18. f4 Kh8 19. Bc1 Qh5 20. Be3 g5 21. Rf1 gxf4
22. Bxf4 Rg8 23. Rf2 Rb8 24. a3 Rg4 25. b4 Rb5 26. Nd3 Qe8 27. Rd1 Bd8 28. Be3
axb4 29. axb4 Rc4 30. Qd2 Qh5 31. c3 Re4 32. Rf3 Rg4 33. Nf4 Qf7 34. Nh3 Bb6 35.
Nf2 Bxe3 36. Qxe3 Rg6 37. Ra1 Qg7 38. g3 Qe7 39. Nd3 Rb8 40. Rf2 Bd7 41. Ra7
Rgg8 42. Rfa2 Qe8 43. Nc5 Rg7 44. Qh6 Rg6 45. Qh4 Rg7 46. Qf6 Kg8 47. Qh4 Rg4
48. Nxd7 Rxh4 49. Nf6+ Kf8 50. Nxe8 Rc4 51. Nc7 1-0

[Event "21st European Teams Women"]
[Site "Hersonissos GRE"]
[Date "2017.10.30"]
[Round "3.14"]
[Board "4"]
[White "Rakic, Tijana"]
[Black "Heinatz, Maria"]
[Result "0-1"]
[WhiteElo "1508"]
[BlackElo "1955"]
[WhiteTeam "Montenegro"]
[BlackTeam "Switzerland"]
[WhiteFideId "16504194"]
[BlackFideId "1312073"]
[EventDate "2017.10.28"]

1. e4 c5 2. d4 cxd4 3. c3 dxc3 4. Nxc3 Nc6 5. Nf3 d6 6. Bc4 a6 7. O-O Nf6 8. e5
dxe5 9. Qxd8+ Nxd8 10. Nxe5 Be6 11. Be2 g6 12. Rd1 Bg7 13. Bf3 O-O 14. Na4 Rc8
15. Be3 Nh5 16. Nd7 Re8 17. Ndb6 Rc7 18. g4 Nf6 19. Bf4 Rc2 20. g5 Nh5 21. Be4
Re2 22. Be3 Bxb2 23. Rab1 Bg7 24. Nc5 Bxa2 25. Rb4 Be6 26. Nxe6 fxe6 27. Bd3 Rb2
28. Rc4 Nc6 29. Be4 Kf7 30. Bxc6 bxc6 31. Na4 Rb5 32. Rxc6 a5 33. Nc5 Reb8 34.
Nxe6 Rb1 35. Rxb1 Rxb1+ 36. Kg2 Be5 37. Nd8+ Ke8 38. Ne6 Ng7 39. f4 Ba1 40. Nc7+
Kd7 41. Rc2 Rb2 42. Rxb2 Bxb2 43. Na6 Kc6 44. Nc5 Nf5 45. Bf2 Kb5 46. Nd3 Bc3
47. Nc1 a4 48. Kf3 Kc4 49. Ke2 Nd4+ 50. Kd1 a3 51. Bxd4 Bxd4 52. Kc2 Be3 53. Ne2
a2 54. Kb2 a1=Q+ 55. Kxa1 Kd3 56. Ng3 Bxf4 57. Kb2 Bxg3 58. hxg3 Kd2 59. Kb3 e5 0-1

[Event "21st European Teams Women"]
[Site "Hersonissos GRE"]
[Date "2017.10.30"]
[Round "3.15"]
[Board "1"]
[White "Houska, Jovanka"]
[Black "Goossens, Hanne"]
[Result "1/2-1/2"]
[WhiteTitle "IM"]
[BlackTitle "WFM"]
[WhiteElo "2393"]
[BlackElo "2188"]
[WhiteTeam "England"]
[BlackTeam "Belgium"]
[WhiteFideId "405094"]
[BlackFideId "200468"]
[EventDate "2017.10.28"]

1. d4 f5 2. g3 Nf6 3. Bg2 e6 4. Nf3 Be7 5. O-O O-O 6. c4 d6 7. Nc3 Ne4 8. Nxe4
fxe4 9. Nd2 d5 10. f3 Nc6 11. fxe4 Rxf1+ 12. Kxf1 dxc4 13. Nf3 b5 14. Be3 Rb8
15. Kg1 Nb4 16. a3 Nc6 17. Qd2 b4 18. axb4 Bxb4 19. Qc2 Na5 20. Ne5 c5 21. Nxc4
cxd4 22. Bf4 Rb5 23. Nd6 Rc5 24. Qa4 Nc6 25. Nxc8 Qxc8 26. Qb3 a5 27. Bd6 a4 28.
Qa2 Rc2 29. Bh3 Kh8 30. Bxe6 Qa6 31. Bb3 Qxe2 32. Bxc2 Qe3+ 33. Kg2 1/2-1/2